Top JetPunk Quizmakers - Statistics

General Stats
  • This quiz has been taken 8 times
  • The average score is 8 of 20
Answer Stats
Rank User Quizzes Taken(mil) % Correct
1. Stewart 36.1
100%
2. relessness 33.7
71%
4. Jerry928 20.7
57%
3. Quizzer6794 26
57%
7. Gassu 14.3
43%
20. Jiaozira 4
43%
17. LBA 4.7
43%
18. Overtired 4.5
43%
11. Vicky 5.6
43%
14. WolfCam 5
43%
16. Aaron197 4.9
29%
9. ArjayPL 7.9
29%
10. Elboy 6.7
29%
6. Gamer1162 15.3
29%
13. kiwirage 5
29%
8. KoljiVriVoda 10.6
29%
15. miki2003 5
29%
5. scambigol 18.7
29%
19. skukka 4.3
29%
12. youtubeplayer 5.4
29%
No matching quizzes found
Score Distribution
Percent of People with Each Score
Percentile by Number Answered
Your Score History
You have not taken this quiz